000 00432nam a22001697a 4500
003 OSt
005 20210929163606.0
008 210929b |||||||| |||| 00| 0 eng d
020 _a0-07-059653-0
040 _cHawassa University
050 _a630/SON
_b5
082 _a630/SON
_b5
100 _aSonka,Steven T.
_98361
245 _aComputers in Farming
260 _aNew York
_bMcGraw-Hill Book Company
_c1983
942 _2ddc
_cBOOKS
_n0
999 _c7753
_d7753